| 000 | 00862nam a2200241 i 4500 | ||
|---|---|---|---|
| 001 | bg | ||
| 245 | 7 | 0 |
_aStudenci wobec przemian społeczno-gospodarczych : _bpraca zbiorowa / _cpod red. Grażyny Musiejczuk ; [autorzy]: Żywia Kaczmarek [i in.]. |
| 260 |
_aWarszawa : _bOśrodek Nauk Społecznych Politechniki Warszawskiej, _c1994. |
||
| 300 |
_a90 s. ; _c24 cm. |
||
| 650 | 9 |
_aStudenci _xsocjologia _zPolska _yod 1989 r. |
|
| 650 | 9 |
_aPostawy _zPolska _yod 1989 r. |
|
| 650 | 9 |
_aWartość _xsocjologia _zPolska _yod 1989 r. |
|
| 651 | 9 |
_aPolska _xgospodarka _xpolityka _yod 1989 r. |
|
| 700 | 1 |
_aMUSIEJCZUK, Grażyna. _eRed. |
|
| 700 | 1 | _aKACZMAREK, Żywia. | |
| 020 | _a8385964207 | ||
| 040 | _cBPK | ||
| 041 | 0 | _apl | |
| 080 | _a316.64+316.75]-057.875(438)"1989/..." | ||
| 920 | _a83-85964-20-7 | ||
| 942 | _cKS | ||
| 008 | s pl f |000 0 pol | ||
| 999 |
_c30393 _d30393 |
||
| 856 |
_uhttp://koha.tu.koszalin.pl/cgi-bin/koha/opac-detail.pl?biblionumber=30393 _yKatalog online BPK |
||